Jozef Budský - herec, režisér, pedagóg zborník

Bibliographic Details
Other Authors: Podmaková, Dagmar, 1953- (Compiler)
Format: Book
Language:Slovak
PhysicalDescription:242 s. tab. 20 cm
Published: Bratislava Kabinet divadla a filmu SAV 2001
ISBN:8096728350
Series:Galéria osobností slovenského divadla / Kabinet divadla a filmu SAV
Subjects:

MARC

LEADER 00000cam a2200000 a 4500
001 vtls001421039
003 SK-MaSNL
005 20260301072319.0
008 240226s2001 xo a r 100 0 slo
015 |a SNBA2001/12-04320 
020 |a 8096728350 
035 |a SNK000375885 
035 |a urn:nbn:sk:snk-amjd3a 
035 |a urn:nbn:sk:snk-am002tso 
035 |a 23E2754C-9290-44CA-A168-2F061CAE69F7 
040 |a SNK  |b slo  |c SNK  |e AACR2 
041 0 |a slo 
044 |a xo  |c SK 
080 |a 792.075(082)  |2 1981 
080 |a 929 Budský, Jozef  |2 1981 
245 0 0 |a Jozef Budský - herec, režisér, pedagóg  |b zborník  |c zostavila Dagmar Podmaková 
260 |a Bratislava  |b Kabinet divadla a filmu SAV  |c 2001 
300 |a 242 s.  |b tab.  |c 20 cm 
490 1 |a Galéria osobností slovenského divadla / Kabinet divadla a filmu SAV 
500 |a 300 výt. 
504 |a Bibliogr. s. 206-223. Res. angl. Reg. diel a nem. 
600 1 7 |a Budský, Jozef,  |d 1911-1989  |2 SNK  |9 113868 
655 7 |a zborníky  |2 SNK  |9 70165 
655 7 |a biografie  |2 SNK  |9 27965 
700 1 |a Podmaková, Dagmar,  |d 1953-  |4 com  |9 102787 
830 0 |a Galéria osobností slovenského divadla / Kabinet divadla a filmu SAV  |9 391551 
919 |a 80-967283-5-0 
958 |a TL 
958 |a NB 
958 |a BX 
999 |c 640652  |d 642582 
952 |t P60, <03>, [BOOK], {603}  |a SNK  |b SNK  |y PREZ  |7 0  |p 17A0316441  |o snkSD 71827  |i snkKSP 11230/2001  |0 0  |1 0  |4 0  |d 2001-09-26  |l 0  |r 2005-01-02 00:00:00  |w 2026-02-23 
952 |t P60, <04>, [BOOK], {604}  |a SNK  |b SNK  |y VYP  |7 0  |p 17A0316460  |o snkSD 71827 D1  |i snkKSP 11231/2001  |0 0  |1 0  |4 0  |d 2001-09-26  |f 1  |l 0  |r 2005-01-02 00:00:00  |w 2026-02-23